000 00362nam a2200145 i 4500
001 bg
100 1 _aMURMYŁO, Adam
245 0 _aTechniczny słownik dydaktyczny /
_cAdam Murmyło, Teresa Wójcik.
260 _aCzęstochowa,
_c1978.
700 1 _aWÓJCIK, Teresa
040 _cBPK
041 _apol
942 _cKS
008 s pl f |000 0 pol
999 _c9839
_d9839
856 _uhttp://koha.tu.koszalin.pl/cgi-bin/koha/opac-detail.pl?biblionumber=9839
_yKatalog online BPK